Jeux vidéo en image - K - Statistiques

Statistiques générales
  • Ce quiz a été pris 84 fois
  • Le résultat moyen est 5 sur 20
Statistiques - réponses
Par images Réponse % Correct
Kirby et le monde oublié
100%
Kingdom Hearts III
78%
Kid Icarus
51%
Kingdom Come : Deliverance
45%
Kerbal Space Program
36%
Killzone 2
34%
Kena: Bridge of Spirits
31%
Keep Talking and Nobody Explodes
24%
Knockout City
18%
Killing Floor 2
15%
Kingdom Rush
14%
Katana ZERO
7%
Kenshi
5%
Kingdom Two Crowns
5%
Killer Instinct
4%
Killer 7
3%
Killer is dead
1%
Kholat
0%
Killer Frequency
0%
King's Quest
0%
Aucun quiz correspondant
Distribution des résultats
% des personnes avec chaque résultat
Percentile par nombre de réponses
Votre historique - résultats
Vous n’avez pas pris ce quiz